000 00630nam a2200169 i 4500
001 153664
003 ES-MaACL
005 20230906205330.0
008 990901s1832 sp |||| | spa d
100 1 _aEnríquez Gómez, Antonio,
_d1600-1663
_947290
245 1 0 _aComedias escogidas de don Fernando de Zarate.
260 _aMadrid :
_b[s.n.],
_c1832 (
_fImp. de Ortega)
300 _a1 v. (228 p.) ;
_c15 cm.
505 8 _aContiene: ;
_tQuien habla más obra menos (p. 1-109) ;
_tMudarse por mejorarse (p. [111]- 228)
852 _aES-MaACL
_jR-2399(2)
_z- Enc. pasta
_q- Sólo T. I. (228 p.)
999 _c153664
_d153664